Slovenský realitný trh v európskom kontexte

Trendy vývoja cien nehnuteľností na bývanie po roku 2000. Aktuálny vývoj cien nehnuteľností na bývanie. Vybrané charakteristiky trhu s nehnuteľnosťami na bývanie. Opis vybraných charakteristík realitného trhu.

Saved in:
Bibliographic Details
Main Author: Cár, Mikuláš
Format: Book Chapter
Language:Slovak
Subjects:
Tags: Add Tag
No Tags, Be the first to tag this record!

MARC

LEADER 00000naa$a2200000$$$4500
001 0115333
005 20231116090411.4
041 0 |a slo 
044 |a SK 
245 1 0 |a Slovenský realitný trh v európskom kontexte  |c Mikuláš Cár 
520 |a Trendy vývoja cien nehnuteľností na bývanie po roku 2000. Aktuálny vývoj cien nehnuteľností na bývanie. Vybrané charakteristiky trhu s nehnuteľnosťami na bývanie. Opis vybraných charakteristík realitného trhu. 
610 2 0 |a nehnuteľnosti 
610 2 0 |a vývoj cenový 
610 2 0 |a porovnanie medzinárodné 
610 2 0 |a trh bytový 
100 1 |a Cár, Mikuláš